000 00649nam a2200217 i 4500
001 98370
003 ES-MaACL
005 20230906182254.0
007 t|
008 050728s1972 sp ||||1| spa d
100 1 _aMartí i Pol, Miquel.
_977220
245 1 3 _aEl mestre de Barbiana /
_cMiquel Martí i Pol.
250 _a[1ª ed.].
260 _aBarcelona :
_bNova Terra,
_c1972.
300 _a135 p. ;
_c19 cm.
490 1 _aCol·lecció "Actituds". Serie Biografía
600 0 4 _aMilani, Lorenzo.
_981086
830 0 _aCol·lecció "Actituds". Serie Biografía
_9232331
852 _aES-MaACL
_jC-46505
_bR.81442
999 _c98370
_d98370